Catálogo

Vista normal Vista MARC

Entrada Personal Name

Número de registros utilizados en: 1

001 - CONTROL NUMBER

  • control field: 16909

003 - CONTROL NUMBER IDENTIFIER

  • control field: DLC

005 - DATE AND TIME OF LATEST TRANSACTION

  • control field: 20250327141728.0

008 - FIXED-LENGTH DATA ELEMENTS

  • fixed length control field: 050930n| azannaabn |a aaa

010 ## - LIBRARY OF CONGRESS CONTROL NUMBER

  • LC control number: n 2005073878

024 7# - OTHER STANDARD IDENTIFIER

  • Standard number or code: 0000000120299247
  • Source of number or code: isni

024 7# - OTHER STANDARD IDENTIFIER

  • Standard number or code: 86144325
  • Source of number or code: viaf

024 7# - OTHER STANDARD IDENTIFIER

  • Standard number or code: http://www.wikidata.org/entity/Q2658909
  • Source of number or code: uri

035 ## - SYSTEM CONTROL NUMBER

  • System control number: (OCoLC)oca06748080

040 ## - CATALOGING SOURCE

  • Original cataloging agency: DLC
  • Language of cataloging: spa
  • Description conventions: rda
  • Transcribing agency: Mx-PuUPA
  • Modifying agency: MWalB
  • Modifying agency: Mx-PuUPA

046 ## - SPECIAL CODED DATES

  • Birth date: 19571227
  • Source of date scheme: edtf

100 1# - HEADING--PERSONAL NAME

  • Personal name: Mortenson, Greg,
  • Dates associated with a name: 1957-

368 ## - OTHER ATTRIBUTES OF PERSON OR CORPORATE BODY

  • Other designation: Veteranos
  • Source: lcdgt

370 ## - ASSOCIATED PLACE

  • Place of birth: Saint Cloud (Minnesota)
  • Associated country: Estados Unidos
  • Place of residence/headquarters: Bozeman (Montana.)
  • Source of term: naf

372 ## - FIELD OF ACTIVITY

  • Field of activity: Montañismo
  • Field of activity: Hablar en público
  • Field of activity: Asistencia humanitaria
  • Field of activity: Escritura
  • Source of term: lcsh

373 ## - ASSOCIATED GROUP

  • Associated group: Céntimos por la paz

374 ## - OCCUPATION

  • Occupation: Autor
  • Occupation: Profesor
  • Occupation: filántropo
  • Occupation: Montañero
  • Source of term: lcsh

375 ## - GENDER

  • Gender: hombre

377 ## - ASSOCIATED LANGUAGE

  • Language code: eng

510 2# - SEE ALSO FROM TRACING--CORPORATE NAME

  • Control subfield: r
  • Relationship information: Founded corporate body of person:
  • Corporate name or jurisdiction name as entry element: Central Asia Institute

670 ## - SOURCE DATA FOUND

  • Source citation: Mortenson, Greg. Three cups of tea, 2005:
  • Information found: CIP t.p. (Greg Mortenson) galley (mountaineer and humanitarian)

670 ## - SOURCE DATA FOUND

  • Source citation: Wikipedia.org, May 30, 2017:
  • Information found: (Greg Mortenson; American professional speaker, writer, veteran, former mountaineer; born December 27, 1957 in St. Cloud Minnesota; resides in Bozeman, Montana; co-founder of Central Asia Institute, founder of Pennies for Peace)
  • Uniform Resource Identifier: https://en.wikipedia.org/wiki/Greg_Mortenson